[Event "26th Abu Dhabi Master 2019"]
[Site "Abu Dhabi"]
[Date "2019.08.03"]
[Round "3.6"]
[White "Sengupta, Deep"]
[Black "Zubov, Alexander"]
[Result "1/2-1/2"]
[WhiteElo "2558"]
[BlackElo "2601"]
[Annotator "TA"]
[PlyCount "47"]
[EventDate "2019.08.02"]
[EventType "swiss"]
[EventCountry "UAE"]
[SourceTitle "playchess.com"]
[Source "ChessBase"]
[SourceQuality "1"]

{[%evp 12,47,5,4,22,24,48,2,4,0,6,-18,-20,-19,38,-16,-14,-51,-40,-48,-41,-50,-50,-64,-27,-39,-35,-46,-51,-57,-42,-68,-42,-43,0,-52,-58,-44]} 1. e4 c5 2. Nf3 d6 3. d4 cxd4 4. Nxd4 Nf6 5. Nc3 a6 6. h3 e5 7. Nde2 h5 {B90: Sicilian Najdorf: Unusual White 6th moves, 6 Be3 Ng4 and 6 Be3 e5} 8. Bg5 (8. Nd5 Nxd5 9. Qxd5 Nc6 10. Qd1 Be6 11. Nc3 Rc8 12. Be3 Ne7 13. Be2 d5 14. exd5 Nxd5 15. Nxd5 Qxd5 {½-½ (26) Wang,H (2730)-Giri,A (2783) St Petersburg 2018}) 8... Be7 9. Bxf6 Bxf6 {The position is equal.} 10. Nd5 Bg5 11. h4 Bh6 $1 12. g3 Bg4 ({Black should try} 12... Be6 $11) 13. Bg2 (13. Bh3 $1 $14) 13... Nd7 $146 ({Predecessor:} 13... Nc6 14. c3 O-O 15. Qd3 {0-1 (53) Jarvenpaa,J (2285)-Luukkonen,T (2355) Helsinki 2014}) 14. c3 O-O 15. Qc2 b5 16. Rd1 Nb6 17. O-O Rc8 18. Nxb6 Qxb6 19. Qd3 Rcd8 20. Kh2 Be6 21. b3 Qa5 22. Qc2 Qb6 23. f4 (23. Qd3 $11) 23... f6 $15 24. Rd3 {Accuracy: White = 46%, Black = 66%.} 1/2-1/2

[Event "26th Abu Dhabi Master 2019"]
[Site "Abu Dhabi"]
[Date "2019.08.03"]
[Round "3.7"]
[White "Abdusattorov, Nodirbek"]
[Black "Sanal, Vahap"]
[Result "1-0"]
[WhiteElo "2598"]
[BlackElo "2520"]
[Annotator "RC"]
[PlyCount "106"]
[EventDate "2019.08.02"]
[EventType "swiss"]
[EventCountry "UAE"]
[SourceTitle "playchess.com"]
[Source "ChessBase"]
[SourceQuality "1"]
[TimeControl "5400+30"]

1. e4 {[%emt 0:00:00]} e5 {[%emt 0:08:52]} 2. Nf3 {[%emt 0:00:00]} Nc6 {[%emt 0:00:11]} 3. Bb5 {[%emt 0:00:00]} a6 {[%emt 0:00:10]} 4. Ba4 {[%emt 0:00:00]} Nf6 {[%emt 0:00:07]} 5. O-O {[%emt 0:00:05]} Be7 {[%emt 0:01:38]} 6. Re1 {[%emt 0:00:06]} b5 {[%emt 0:00:11]} 7. Bb3 {[%emt 0:00:05]} O-O {[%emt 0:00:15]} 8. a4 {[%emt 0:00:06]} Bb7 {[%emt 0:00:26]} 9. axb5 {[%emt 0:04:59]} axb5 {[%emt 0:00:14]} 10. Rxa8 {[%emt 0:00:12]} Qxa8 {[%emt 0:01:55]} 11. d3 {[%emt 0:01:30]} d6 {[%emt 0:03:34]} 12. c3 {[%emt 0:05:43]} Nd7 {[%emt 0:11:07]} 13. Nbd2 {[%emt 0:02:09]} Nc5 {[%emt 0:04:22]} 14. Bc2 {[%emt 0:00:43]} Ne6 {[%emt 0:00:24]} 15. Nf1 {[%emt 0:02:04]} Bf6 {[%emt 0:01:11]} 16. Ne3 {[%emt 0:01:48]} g6 {[%emt 0:00:26]} 17. Bb3 {[%emt 0:08:46]} Bg7 {[%emt 0:01:24]} 18. Nd5 {[%emt 0:10:39]} Na5 {[%emt 0:02:35]} 19. Ne7+ {[%emt 0:08:40]} Kh8 {[%emt 0:00:26]} 20. Bxe6 {[%emt 0:03:33]} fxe6 {[%emt 0:01:25]} 21. b4 {[%emt 0:00:09]} Nc6 {[%emt 0:01:43]} 22. Nxc6 {[%emt 0:00:07]} Bxc6 {[%emt 0:00:08]} 23. Ng5 {[%emt 0:01:14]} Bd7 {[%emt 0:05:09]} 24. h4 {[%emt 0:01:11]} Qa2 {[%emt 0:04:30]} 25. Be3 {[%emt 0:02:50]} h6 {[%emt 0:05:01]} 26. Nh3 {[%emt 0:03:37]} Kh7 {[%emt 0:03:20]} 27. Re2 {[%emt 0:03:21]} Qa3 {[%emt 0:03:12]} 28. Rc2 {[%emt 0:00:49]} c5 {[%emt 0:11:31]} 29. Qd2 {[%emt 0:04:44]} Ra8 {[%emt 0:00:40]} 30. Kh2 {[%emt 0:00:37]} Be8 {[%emt 0:03:01]} 31. bxc5 {[%emt 0:03:15]} dxc5 {[%emt 0:00:04]} 32. c4 {[%emt 0:00:04]} Rc8 {[%emt 0:09:56]} 33. Ra2 {[%emt 0:02:19]} Qb4 {[%emt 0:02:23]} 34. Bxh6 {[%emt 0:00:31]} Qxd2 {[%emt 0:01:33]} 35. Bxd2 {[%emt 0:00:05]} b4 {[%emt 0:07:25]} 36. Ng5+ {[%emt 0:00:23]} Kg8 {[%emt 0:00:02]} 37. Nxe6 {[%emt 0:00:46]} Bf6 {[%emt 0:04:26]} 38. Be3 {[%emt 0:00:22]} Bxh4 {[%emt 0:00:46]} 39. Nxc5 {[%emt 0:00:09]} Be7 {[%emt 0:00:04]} 40. Nb3 {[%emt 0:02:22]} Rd8 {[%emt 0:00:02]} 41. Ra7 {[%emt 0:00:25]} Bf8 {[%emt 0:00:17]} 42. Nc5 {[%emt 0:04:00]} Bxc5 {[%emt 0:01:40]} 43. Bxc5 {[%emt 0:00:05]} b3 {[%emt 0:00:05]} 44. Ba3 {[%emt 0:03:40]} Rxd3 {[%emt 0:00:11]} 45. Ra8 {[%emt 0:02:17]} Kf7 {[%emt 0:00:12]} 46. f3 {[%emt 0:00:20]} g5 {[%emt 0:02:17]} 47. Ra7+ {[%emt 0:02:39]} Rd7 {[%emt 0:02:27]} 48. Ra5 {[%emt 0:00:20]} g4 {[%emt 0:00:20]} 49. Kg3 {[%emt 0:00:52]} gxf3 {[%emt 0:00:08]} 50. gxf3 {[%emt 0:00:04]} Ke6 {[%emt 0:01:00]} 51. Bb2 {[%emt 0:01:21]} Rd2 {[%emt 0:00:19]} 52. Rxe5+ {[%emt 0:00:16]} Kf7 {[%emt 0:00:05]} 53. Ba3 {[%emt 0:00:21]} Rd3 {[%emt 0:01:09]} 1-0

[Event "26th Abu Dhabi Master 2019"]
[Site "Abu Dhabi"]
[Date "2019.08.03"]
[Round "3.8"]
[White "Petrosyan, Manuel"]
[Black "Bajarani, Ulvi"]
[Result "1-0"]
[WhiteElo "2592"]
[BlackElo "2485"]
[Annotator "TA"]
[PlyCount "113"]
[EventDate "2019.08.02"]
[EventType "swiss"]
[EventCountry "UAE"]
[SourceTitle "playchess.com"]
[Source "ChessBase"]
[SourceQuality "1"]

{[%evp 18,113,25,13,24,23,37,40,48,19,18,24,23,25,48,47,97,92,92,83,81,93,102,28,133,137,135,106,133,133,148,147,143,136,136,134,161,169,164,164,172,136,140,139,300,128,130,121,128,128,128,128,136,135,142,135,135,135,135,135,135,133,133,133,133,133,133,133,93,93,93,19,158,142,174,174,174,174,174,174,174,170,177,177,191,191,191,191,191,191,191,191,191,191,191,135,29950,5110]} 1. d4 d5 2. c4 c6 3. Nf3 Nf6 4. e3 e6 5. Bd3 Nbd7 6. Nbd2 Bd6 7. O-O O-O 8. e4 e5 9. cxd5 cxd5 10. Re1 h6 {D05: Colle System with ...e6} 11. h3 (11. exd5 exd4 12. Nc4 Nb6 13. Nxd6 Qxd6 14. Nxd4 Nbxd5 15. Bf1 Rd8 16. Nb5 Qb6 17. Qf3 Bd7 18. Nc3 Bc6 19. Nxd5 Rxd5 20. b3 Re5 21. Qc3 Ng4 22. Be3 Nxe3 23. Qxe5 {½-½ (23) Onischuk,A (2685)-Duda,J (2697) Khanty-Mansiysk 2017}) 11... dxe4 12. Nxe4 Nxe4 {White is slightly better.} 13. Bxe4 exd4 $146 ({Predecessor:} 13... Re8 14. Bc2 exd4 15. Rxe8+ Qxe8 16. Qxd4 Bc5 17. Qc4 Bb6 18. Bd2 {0-1 (66) Mirzoev,A (2558)-Noroozi,O (2375) Teheran 2015}) 14. Nxd4 {Strongly threatening Nf5.} Nf6 {And now ...Bc5 would win.} 15. Bf3 Bc5 16. Be3 Qb6 {White should prevent ...Rd8.} 17. b4 $1 {[%cal Rb4c5]} Bxb4 {[#]} 18. Nc6 $1 $36 {[%mdl 2048] Black is under strong pressure.} Bc5 19. Rb1 Bxe3 20. Rxe3 (20. Ne7+ $16 Kh8 21. Rxb6 Bxb6 22. Nxc8 Raxc8 23. Bxb7) 20... bxc6 (20... Qc5 $11 21. Rc1 Qb6) 21. Rxb6 $16 axb6 22. a3 Nd5 23. Bxd5 cxd5 24. Qxd5 Be6 25. Qb5 Rfb8 26. Qe5 {Rg3! is the strong threat.} Kh8 27. Rg3 {[%csl Gg3][%cal Re5g7]} Rg8 {[#]} 28. Qb5 $1 Rab8 29. Kh2 Kh7 30. h4 g6 $2 (30... Ra8 $16 31. Rc3 (31. Qxb6 Ra4 $16) 31... Rgb8) 31. Qe5 (31. h5 $18) 31... h5 32. Rc3 Rgc8 33. Rxc8 Rxc8 {[%mdl 4096] Endgame KQ-KRB} 34. Qb2 Ra8 35. Qb4 b5 36. f3 Ra4 37. Qe7 Rd4 38. Kg3 Rd5 39. Kf4 Rd4+ 40. Ke3 Rc4 41. Kd2 Rd4+ 42. Kc3 Rc4+ 43. Kb2 Rd4 44. Qc5 (44. Kc2 $16) 44... Rd5 (44... Rxh4 $11 {remains equal.} 45. Qg5 (45. Qxb5 Rh2 $14) 45... Rd4) 45. Qe3 Kg7 46. Kc3 Kg8 47. Kb4 Bd7 48. Ka5 Rd6 49. g4 {Hoping for gxh5.} hxg4 50. fxg4 Re6 51. Qd4 Be8 52. Qf4 Kg7 53. Kb4 Kh7 54. h5 Ra6 {White must now prevent ...Ra4+.} 55. Kb3 {aiming for g5.} Re6 56. h6 ({White should try} 56. Kb2 $18) 56... f6 $2 {[%mdl 8192]} (56... g5 $16 57. Qxg5 Rxh6) 57. g5 {Accuracy: White = 78%, Black = 47%.} 1-0

[Event "26th Abu Dhabi Master 2019"]
[Site "Abu Dhabi"]
[Date "2019.08.03"]
[Round "3.9"]
[White "Xu, Yi"]
[Black "Jobava, Baadur"]
[Result "0-1"]
[WhiteElo "2524"]
[BlackElo "2594"]
[Annotator "ChessBase"]
[PlyCount "88"]
[EventDate "2019.08.02"]
[EventType "swiss"]
[EventCountry "UAE"]
[SourceTitle "playchess.com"]
[Source "ChessBase"]
[SourceQuality "1"]
[TimeControl "5400+30"]

1. e4 c6 {[%emt 0:03:54]} 2. d4 {[%emt 0:00:35]} d5 {[%emt 0:00:04]} 3. e5 {[%emt 0:00:05]} Bf5 {[%emt 0:00:05]} 4. Nf3 {[%emt 0:00:08]} e6 {[%emt 0:00:04]} 5. Be2 {[%emt 0:00:06]} Ne7 {[%emt 0:00:04]} 6. c3 {[%emt 0:01:53]} h6 {[%emt 0:00:21]} 7. O-O {[%emt 0:01:10]} Nd7 {[%emt 0:00:29]} 8. Nbd2 {[%emt 0:00:31]} Bh7 {[%emt 0:00:09]} 9. b4 {[%emt 0:05:26]} Ng6 {[%emt 0:02:15]} 10. Nb3 {[%emt 0:07:03]} Be7 {[%emt 0:00:05]} 11. Ne1 {[%emt 0:02:06]} O-O {[%emt 0:02:19]} 12. f4 {[%emt 0:05:02]} b6 {[%emt 0:00:16]} 13. Be3 {[%emt 0:01:58]} a5 {[%emt 0:03:48]} 14. Nd3 {[%emt 0:05:22]} Qc7 {[%emt 0:03:55]} 15. g4 {[%emt 0:09:48]} Nh4 {[%emt 0:02:59]} 16. Bf2 {[%emt 0:04:07]} axb4 {[%emt 0:01:22]} 17. cxb4 {[%emt 0:00:43]} Ra3 {[%emt 0:01:06]} 18. Bg3 {[%emt 0:09:24]} Rfa8 {[%emt 0:09:02]} 19. Qd2 {[%emt 0:17:08]} Bxd3 {[%emt 0:06:47]} 20. Qxd3 {[%emt 0:01:34]} c5 {[%emt 0:00:16]} 21. bxc5 {[%emt 0:06:22]} bxc5 {[%emt 0:00:09]} 22. dxc5 {[%emt 0:01:42]} Nxc5 {[%emt 0:00:05]} 23. Qc2 {[%emt 0:00:28]} Qa7 {[%emt 0:03:00]} 24. Nxc5 {[%emt 0:06:37]} Qxc5+ {[%emt 0:09:56]} 25. Qxc5 {[%emt 0:00:06]} Bxc5+ {[%emt 0:00:03]} 26. Kh1 {[%emt 0:00:22]} Rxa2 {[%emt 0:00:24]} 27. Rxa2 {[%emt 0:00:24]} Rxa2 28. Bd3 {[%emt 0:00:43]} Ra3 {[%emt 0:05:36]} 29. Bb1 {[%emt 0:05:49]} Nf3 {[%emt 0:03:48]} 30. Rc1 {[%emt 0:00:12]} Nd2 {[%emt 0:04:41]} 31. Bf2 {[%emt 0:04:19]} Nxb1 {[%emt 0:05:53]} 32. Bxc5 {[%emt 0:00:12]} Rb3 {[%emt 0:00:26]} 33. Bd4 {[%emt 0:02:58]} Na3 {[%emt 0:02:00]} 34. Rc8+ {[%emt 0:00:34]} Kh7 {[%emt 0:00:05]} 35. Rf8 {[%emt 0:00:57]} Nc2 {[%emt 0:01:29]} 36. Bg1 {[%emt 0:00:34]} Rb7 {[%emt 0:02:42]} 37. f5 {[%emt 0:00:34]} Ne1 {[%emt 0:02:28]} 38. Bd4 {[%emt 0:01:19]} exf5 {[%emt 0:03:10]} 39. gxf5 {[%emt 0:00:10]} Nf3 {[%emt 0:00:02]} 40. Bc3 {[%emt 0:00:40]} d4 {[%emt 0:00:44]} 41. e6 {[%emt 0:00:33]} dxc3 {[%emt 0:01:09]} 42. exf7 {[%emt 0:00:44]} Rb2 {[%emt 0:00:10]} 43. Rh8+ {[%emt 0:00:23]} Kxh8 {[%emt 0:00:05]} 44. f8=Q+ {[%emt 0:00:05]} Kh7 {[%emt 0:00:03]} 0-1

[Event "26th Abu Dhabi Master 2019"]
[Site "Abu Dhabi"]
[Date "2019.08.03"]
[Round "3.10"]
[White "Ni, Hua"]
[Black "Senthil Maran K"]
[Result "1-0"]
[WhiteElo "2668"]
[BlackElo "2222"]
[Annotator "TA"]
[PlyCount "105"]
[EventDate "2019.08.02"]
[EventType "swiss"]
[EventCountry "UAE"]
[SourceTitle "playchess.com"]
[Source "ChessBase"]
[SourceQuality "1"]

{[%evp 16,105,30,30,31,25,33,9,15,20,18,20,11,11,61,56,61,79,66,15,30,17,0,0,27,28,29,36,21,21,120,116,104,108,118,105,110,114,106,50,114,116,316,310,319,161,156,93,97,95,95,92,85,90,149,150,241,235,263,202,216,168,159,156,180,174,428,321,508,449,593,579,630,540,731,720,701,685,816,809,29977,29978,29980,29981,29982,29983,29983,29984,29985,29986,29984,29985]} 1. e4 c5 2. Nf3 Nc6 3. Bb5 Nf6 4. Nc3 g6 5. O-O Bg7 6. e5 Ng4 7. Bxc6 dxc6 8. Re1 O-O 9. d3 Nh6 {B31: Sicilian: 2...Nc6 3 Bb5 g6} 10. Ne4 (10. h3 Nf5 11. Ne4 b6 12. Bf4 Nd4 13. c3 Nxf3+ 14. Qxf3 Be6 15. Qe3 Qd5 16. c4 Qd7 17. Bh6 Rfd8 18. Bxg7 Kxg7 {0-1 (44) Vidit,S (2707)-Li,C (2732) Liaocheng 2018}) 10... b6 11. Bf4 Nf5 {The position is equal.} 12. c3 Ba6 13. d4 cxd4 14. cxd4 Qd5 15. Nc3 Qc4 16. g4 $146 ({Predecessor:} 16. Re4 Rfd8 17. g4 Nh6 18. d5 Rxd5 19. Qe1 Qd3 20. Re3 Qc4 21. Re4 Qd3 22. Re3 Qc4 23. Re4 Qd3 {½-½ (23) Paehtz,E (2472)-Loiseau,Q (2437) Nancy 2016}) 16... Nh6 17. h3 ({Better is} 17. Qc1 $14 Nxg4 18. h3) 17... f5 $11 18. g5 Nf7 19. Rc1 Nd8 20. e6 Qd3 (20... Nxe6 $2 21. b3 $18) 21. Be5 Qxd1 22. Rcxd1 Nxe6 (22... Re8 $11) 23. Bxg7 Nxg7 24. d5 $1 cxd5 25. Nxd5 Bc4 26. Nxe7+ ({Of course not} 26. Rxe7 $6 Nh5 $11) 26... Kh8 27. b3 ({White should play} 27. Ne5 $1 $16 {[%cal Re5c4]} Bxa2 28. N7xg6+ $1 {[%mdl 512]} hxg6 29. Nxg6+ {[%mdl 64] Double Attack} Kg8 30. Nxf8 Kxf8 31. Rd6) 27... Be6 (27... Bg8 $1 $14) 28. Rd6 $16 Bg8 $2 {[#]} (28... Rfe8 $16) 29. Ne5 $1 $18 Nh5 30. Rd7 (30. N7xg6+ $142 hxg6 31. Nxg6+ {[%mdl 64] Double Attack} Kg7 32. Nxf8 Rxf8 33. h4) 30... Nf4 31. Kh2 (31. h4 $142) 31... Rfd8 $16 32. Rc7 Rd6 33. Kg3 Nh5+ 34. Kf3 Re6 (34... Be6 $142) 35. Re3 f4 (35... b5 $16 36. Rd7 (36. Nxg8 Kxg8 37. Nc6 Rxe3+ 38. fxe3 a6 $16) 36... a5) 36. Re4 $18 Re8 37. N5c6 a5 38. Nd4 Rxe4 39. Kxe4 Ng7 40. Kxf4 Rd8 $2 (40... Ne6+ 41. Nxe6 Bxe6) 41. Ke5 a4 (41... Re8 {might work better.} 42. Kd6 b5 43. Nxg8 Kxg8) 42. Rc8 Re8 43. Rxe8 Nxe8 44. Nxg8 axb3 45. axb3 {[%cal Ba2b3,Bb3b4][%mdl 32]} Kxg8 {[%mdl 4096] Endgame KN-KN} 46. Ke6 Ng7+ 47. Ke7 Nh5 48. Ne6 {White mates.} b5 49. b4 h6 50. h4 hxg5 51. hxg5 Kh8 52. Kf8 Kh7 53. Kf7 {Accuracy: White = 60%, Black = 39%.} 1-0

[Event "26th Abu Dhabi Master 2019"]
[Site "Abu Dhabi"]
[Date "2019.08.03"]
[Round "3.11"]
[White "Akopian, Vladimir"]
[Black "Aryan Chopra"]
[Result "1/2-1/2"]
[WhiteElo "2650"]
[BlackElo "2553"]
[Annotator "TA"]
[PlyCount "98"]
[EventDate "2019.08.02"]
[EventType "swiss"]
[EventCountry "UAE"]
[SourceTitle "playchess.com"]
[Source "ChessBase"]
[SourceQuality "1"]

{[%evp 20,98,32,26,15,23,30,15,23,0,15,0,0,0,29,23,30,19,26,0,0,0,0,0,0,0,0,-2,0,0,0,0,0,0,0,0,0,0,0,0,0,0,0,0,0,0,0,0,0,0,0,0,0,0,0,0,8,8,8,8,8,0,8,8,8,8,8,8,8,8,8,8,8,8,8,8,8,8,8,8,8]} 1. e4 e6 2. d4 d5 3. Nd2 c5 4. exd5 exd5 5. Ngf3 Nf6 6. Bb5+ Bd7 7. Bxd7+ Nbxd7 {[%cal Bb8d7,Bd7c5,Bc5e4,Be4d6,Bd6c4][%mdl 32]} 8. O-O Be7 9. dxc5 Nxc5 10. Nb3 Nce4 11. Nfd4 Nd6 {C08: French Tarrasch: 3...c5 4 exd5 exd5 sidelines} (11... O-O 12. Nf5 Re8 13. Nxe7+ Qxe7 14. Be3 Nd6 15. h3 b6 16. Bd4 Nfe4 17. Qg4 f5 18. Qf3 Rac8 19. Rac1 Qf7 {½-½ (30) Anisimov,P (2527)-Yakubboev,N (2569) chess.com INT 2019}) 12. c3 O-O 13. Qc2 Re8 14. Bf4 $146 ({Predecessor:} 14. Re1 Nc4 15. Bg5 h6 16. Bh4 Qb6 17. f3 Bf8 18. Bf2 Qa6 19. Rxe8 Rxe8 {½-½ (29) Lipecki,A (2204)-Schunck,F (2217) ICCF email 2014}) 14... Qb6 15. Rae1 Nc4 16. Re2 Bd6 17. Bxd6 Rxe2 18. Qxe2 Qxd6 19. Re1 g6 {The position is equal.} 20. Qc2 Qb6 21. Qc1 Re8 22. Rxe8+ Nxe8 23. Nc2 a5 24. Ne3 $1 Nxe3 25. Qxe3 Qxe3 26. fxe3 $11 {[%mdl 4096] Endgame KN-KN} b6 27. Nd4 Nd6 28. Kf2 Kg7 29. Ke2 a4 30. Kd3 Kf6 31. b3 axb3 32. axb3 h5 33. Nf3 g5 34. Kd4 g4 35. Nh4 Nb5+ 36. Kxd5 {[#] And now c4 would win.} Nxc3+ 37. Kc6 Ke5 38. Kxb6 Ke4 39. g3 Kxe3 40. Nf5+ Kf2 41. Ng7 Kg2 42. Nxh5 Kxh2 43. Kc6 Kg2 44. b4 Kf3 45. b5 Nxb5 46. Kxb5 f5 47. Kc6 f4 $1 {[%cal Rf4g3]} 48. gxf4 {[#] Threatening mate with f5.} g3 49. Nxg3 $1 {White threatens f5 and mate.} Kxf4 {Accuracy: White = 86%, Black = 84%.} 1/2-1/2

[Event "26th Abu Dhabi Master 2019"]
[Site "Abu Dhabi"]
[Date "2019.08.03"]
[Round "3.12"]
[White "Volokitin, Andrei"]
[Black "Vasquez Schroeder, Rodrigo"]
[Result "1-0"]
[WhiteElo "2636"]
[BlackElo "2496"]
[Annotator "TA"]
[PlyCount "113"]
[EventDate "2019.08.02"]
[EventType "swiss"]
[EventCountry "UAE"]
[SourceTitle "playchess.com"]
[Source "ChessBase"]
[SourceQuality "1"]

{[%evp 25,113,27,33,33,28,20,31,22,22,26,16,20,22,29,29,24,40,-14,52,44,56,27,23,0,0,0,0,0,56,57,66,60,49,53,34,23,16,0,60,51,51,50,52,64,117,104,78,97,174,175,164,150,150,167,210,202,262,266,255,255,492,492,492,492,494,463,602,589,624,605,549,408,886,886,4134,2245,29970,29971,29970,29970,29969,29969,29958,12241,29980,29981,29981,29982,29980,29981]} 1. e4 e5 2. Nf3 Nc6 3. Bb5 a6 4. Ba4 Nf6 5. O-O Be7 6. Re1 b5 7. Bb3 d6 8. c3 O-O 9. h3 Bb7 10. d4 Re8 11. Nbd2 Bf8 12. a3 h6 13. Bc2 d5 14. dxe5 {C93: Closed Ruy Lopez: Smyslov Variation} Nxe5 15. Nxe5 Rxe5 16. Nf3 {White is slightly better.} Re8 {[%cal Rf6e4]} 17. e5 Ne4 18. Bf4 c5 19. a4 f5 20. Nd2 Qh4 21. Nxe4 {[#]} (21. Be3 $14) 21... fxe4 $146 (21... dxe4 $11 22. Bg3 Qd8) ({Predecessor:} 21... dxe4) 22. Bg3 $14 Qg5 23. h4 Qg6 24. axb5 axb5 25. Rxa8 Rxa8 26. Kh2 Qb6 (26... Be7 $11) 27. f3 {[%cal Rf3e4]} Rd8 28. fxe4 d4 29. cxd4 Rxd4 30. Qf3 {Rf1 is the strong threat.} Qe6 31. Ra1 Rd7 (31... c4 $11) 32. Ra5 Bc6 $1 33. Ra6 $36 {[%mdl 2048] White has good play.} Rf7 34. Qb3 c4 (34... Qc8 $14 35. Rxc6 Qxc6) 35. Qxb5 $1 $16 Bxb5 36. Rxe6 {Black must now prevent Rb6.} Rb7 {[#]} (36... Bc5 $16 {was worth a try.}) 37. Bf2 $1 $18 Kf7 38. Rb6 Rxb6 39. Bxb6 $16 {[%mdl 4096] Endgame KBB-KBB} Be7 40. Kg3 Ke6 41. Bd4 Bb4 42. Bd1 g6 $2 (42... Be1+ 43. Kh3 Ke7) 43. Bg4+ $18 Ke7 44. Bc3 Bc5 45. Be2 h5 46. Kf3 Kd7 {[#]} 47. b3 $1 {[%cal Bb2b3,Bb3c4][%mdl 32]} Be7 (47... cxb3 48. Bxb5+) 48. g3 Kc6 (48... g5 $142 49. bxc4 Ba4 50. hxg5 Bxg5) 49. Bxc4 Bxc4 50. bxc4 {KB-KB} Ba3 51. Bd2 Kd7 52. Bf4 Bc5 53. Ke2 Bb6 54. Kd3 Kc6 55. e6 {White mates.} Bc5 56. e5 Bf2 57. Ke4 {Accuracy: White = 82%, Black = 29%.} 1-0

[Event "26th Abu Dhabi Master 2019"]
[Site "Abu Dhabi"]
[Date "2019.08.03"]
[Round "3.13"]
[White "Esipenko, Andrey"]
[Black "Arjun Kalyan"]
[Result "1/2-1/2"]
[WhiteElo "2621"]
[BlackElo "2482"]
[Annotator "TA"]
[PlyCount "68"]
[EventDate "2019.08.02"]
[EventType "swiss"]
[EventCountry "UAE"]
[SourceTitle "playchess.com"]
[Source "ChessBase"]
[SourceQuality "1"]

{[%evp 9,68,26,29,5,4,-8,26,20,22,22,33,12,19,14,17,14,9,12,49,58,52,25,12,20,15,23,29,19,56,52,71,70,68,75,77,78,77,75,64,50,43,43,43,43,43,43,43,43,43,43,49,46,54,8,8,0,0,0,0,0,0]} 1. d4 d5 2. c4 e6 3. Nf3 Nf6 4. Nc3 Be7 5. Bf4 O-O 6. a3 {D37: Queen's Gambit Declined: 5 Bf4} b6 7. Qc2 c5 8. Rd1 {White has an edge.} Bb7 9. cxd5 exd5 10. g3 Nc6 11. Bg2 Nxd4 12. Nxd4 cxd4 13. Rxd4 {[#]} Bc5 $146 ({Predecessor:} 13... Qc8 14. O-O Bc5 15. Rd2 d4 16. Ne4 Nxe4 17. Bxe4 Bxe4 18. Qxe4 Re8 19. Qb1 {½-½ (19) Piket,J (2570)-Anand,V (2725) Amsterdam 1996}) 14. Rd1 Qe7 {[#] aiming for ...d4.} 15. Nxd5 Nxd5 16. Bxd5 Rac8 17. Qa4 Bxd5 18. Rxd5 Rfd8 19. Bg5 Bb4+ 20. Kf1 Qb7 21. Rxd8+ Rxd8 {[%cal Rb7h1] [#]} 22. f3 Be7 23. Bxe7 Qxe7 $16 {[%mdl 4096] Endgame KQR-KQR} 24. Qc2 Re8 25. e4 f5 26. exf5 Qe1+ 27. Kg2 Qe2+ 28. Qxe2 Rxe2+ $14 {KR-KR} 29. Kh3 Rxb2 30. Rc1 Rb3 31. Kg4 {Rc8+ is the strong threat.} Rxa3 {The position is equal.} 32. Rc7 a5 33. Rb7 Rb3 34. f4 Rb5 {Accuracy: White = 58%, Black = 70%.} 1/2-1/2

[Event "26th Abu Dhabi Master 2019"]
[Site "Abu Dhabi"]
[Date "2019.08.03"]
[Round "3.14"]
[White "Bartel, Mateusz"]
[Black "Sadhwani, Raunak"]
[Result "1-0"]
[WhiteElo "2600"]
[BlackElo "2477"]
[Annotator "TA"]
[PlyCount "87"]
[EventDate "2019.08.02"]
[EventType "swiss"]
[EventCountry "UAE"]
[SourceTitle "playchess.com"]
[Source "ChessBase"]
[SourceQuality "1"]

{[%evp 9,87,8,31,22,22,20,22,11,10,16,27,20,35,9,15,9,39,39,33,30,39,38,66,60,53,70,91,82,120,121,118,129,179,174,167,168,184,157,365,341,406,417,417,413,479,470,437,308,301,270,288,280,272,268,268,230,222,226,356,389,389,389,389,389,389,389,381,381,381,381,381,375,381,374,374,374,370,368,341,336]} 1. c4 e5 2. Nc3 Nf6 3. Nf3 Nc6 4. e4 Bb4 5. d3 Bxc3+ (5... d6 6. a3 Bc5 7. b4 Bb6 8. Na4 Bg4 9. Be2 Nd7 10. Nxb6 axb6 11. Bb2 O-O 12. h3 Bxf3 13. Bxf3 Nd4 {1-0 (49) Nakamura,H (2746)-Sevian,S (2642) Saint Louis 2019}) 6. bxc3 {A28: English Opening: Four Knights Variation} d6 7. g3 O-O 8. Bg2 {The position is equal.} a6 9. a4 Nd7 10. O-O Nc5 11. Nh4 Na5 12. Be3 Re8 $146 ({Predecessor:} 12... Bd7 13. f4 {1-0 (38) Deng,K (2415)-Wolff,P (2575) Hawaii 1998}) 13. f4 exf4 14. Rxf4 Be6 ({Of course not} 14... g5 $6 15. Nf5 $16) 15. Nf5 Bxf5 16. Rxf5 Qe7 17. Qc2 Nc6 18. Raf1 $36 {[%mdl 2048] Keeping Black busy.} Rf8 19. d4 Nd7 20. c5 Nd8 21. cxd6 cxd6 22. Qb3 Rb8 23. Qa3 {Black must now prevent Bf4.} Ne6 $2 (23... Nb6 $16) 24. e5 $18 Nb6 25. exd6 Qd8 26. Qb4 a5 27. Qb3 Qxd6 28. Rxa5 {And now d5 would win.} Qc7 29. Raf5 {d5 is the strong threat.} Nc4 30. Bc1 Nd6 31. R5f2 b5 32. Bd5 bxa4 {[#]} 33. Qa2 $1 Qd7 {[#]} (33... Qe7 {might work better.} 34. Qxa4 Nc7) 34. Rxf7 $3 {[%mdl 576] Remove Defender} Nxf7 35. Bxe6 Qc6 36. Ba3 ({Weaker is} 36. Rxf7 Kh8 $18) 36... Qxc3 37. Bxf7+ Kh8 38. Bxf8 Qxd4+ 39. Qf2 Qxf2+ 40. Rxf2 Rxf8 41. Ba2 {[%cal Rf2f8]} Ra8 42. Rf3 g6 43. Ra3 Kg7 {[#]} 44. Bb3 $1 {[%mdl 512] Accuracy: White = 83%, Black = 52%.} 1-0